Косые тени далекой земли (Запись № 136296)

Подробности
000 -МАРКЕР
контрольное поле 01163nam0a22003131 4500
001 - ИДЕНТИФИКАТОР ЗАПИСИ
контрольное поле RU\NLR\bibl\938891
005 - ИДЕНТИФИКАТОР ВЕРСИИ
контрольное поле 20260406020346.0
010 ## - МЕЖДУНАРОДНЫЙ СТАНДАРТНЫЙ НОМЕР КНИГИ (ISBN)
Номер (ISBN) 5-352-01741-9
Тираж 5000
021 ## - НОМЕР ГОСУДАРСТВЕННОЙ РЕГИСТРАЦИИ
Код страны российская федерация
Номер 2006-17960
Номер Листа государственной регистраци 896
035 ## - ДРУГИЕ СИСТЕМНЫЕ НОМЕРА
Идентификатор записи (NLR Aleph) 000927080
100 ## - ДАННЫЕ ОБЩЕЙ ОБРАБОТКИ
Данные общей обработки 20060426d2006 |||y0rusy50 ca
101 1# - ЯЗЫК РЕСУРСА
Язык текста, звукозаписи и т.д. русский
Язык оригинала японский
102 ## - СТРАНА ПУБЛИКАЦИИ ИЛИ ПРОИЗВОДСТВА
Страна публикации российская федерация
105 ## - ПОЛЕ КОДИРОВАННЫХ ДАННЫХ: ТЕКСТОВЫЕ МАТЕРИАЛЫ, МОНОГРАФИЧЕСКИЕ
Кодированные данные о монографическом текстовом документе y |||||||||
200 1# - ЗАГЛАВИЕ И СВЕДЕНИЯ ОБ ОТВЕТСТВЕННОСТИ
Основное заглавие Косые тени далекой земли
Сведения, относящиеся к заглавию роман
Первые сведения об ответственности Осака Го
Последующие сведения об ответственности [пер. с яп. Людмилы Ермаковой]
210 ## - ПУБЛИКАЦИЯ, РАСПРОСТРАНЕНИЕ И ДР.
Место издания, распространения и т.д. Санкт-Петербург
Имя издателя, распространителя и т. д. Азбука-классика
Дата издания, распространения и т.д. 2006
215 ## - ФИЗИЧЕСКАЯ ХАРАКТЕРИСТИКА
Специфическое обозначение материала и объем 571, [1] c.
Размеры 20
686 ## - ИНДЕКСЫ ДРУГИХ КЛАССИФИКАЦИЙ
Индекс Ш6(5Я)67-446{Лх2318-60}
700 #1 - ИМЯ ЛИЦА - ПЕРВИЧНАЯ ОТВЕТСТВЕННОСТЬ
Код отношения Автор
Материалы, к которым относится поле rus
Графика поля Кириллица
Начальный элемент ввода Го
Часть имени, кроме начального элемента ввода О.
Расширение инициалов личного имени Осака
Идентификатор авторитетной/нормативной записи RU\NLR\auth\7739064
Системный номер авторитетной/нормативной записи 22048
702 #1 - ИМЯ ЛИЦА - ВТОРИЧНАЯ ОТВЕТСТВЕННОСТЬ
Код отношения Переводчик
Материалы, к которым относится поле rus
Графика поля Кириллица
Начальный элемент ввода Ермакова
Часть имени, кроме начального элемента ввода Л. М.
Дополнения к именам, кроме дат д-р филол. наук, японовед
Даты 1945-
Расширение инициалов личного имени Людмила Михайловна
Идентификатор авторитетной/нормативной записи RU\NLR\AUTH\77121850
Системный номер авторитетной/нормативной записи 104775
801 #0 - ИСТОЧНИК ЗАПИСИ
Страна российская федерация
Организация NLR
Дата составления 20060426
Правила каталогизации rcr
801 #1 - ИСТОЧНИК ЗАПИСИ
Страна российская федерация
Организация NLR
Дата составления 20060426
852 ## - МЕСТОНАХОЖДЕНИЕ И ШИФР ХРАНЕНИЯ
Идентификатор организации NLR
Наименование фонда или коллекции (Sub-Location Identifier) ОЛСАА-сл-спр
Шифр хранения (Call Number) 2-4928
942 ## - ДОПОЛНИТЕЛЬНЫЕ ЭЛЕМЕНТЫ ЗАПИСИ (АБИС)
Тип экземпляра АБИС Книга
980 ## - КОЛЛЕКЦИЯ
Название коллекции Национальная библиография
980 1# - КОЛЛЕКЦИЯ
Название коллекции
Экземпляры
Тип экземпляра Дата поступления Источник поступления Библиотека постоянного хранения Библиотека текущего хранения Место хранения Шифр хранения Штрих-код Статус не для выдачи Стоимость
Книга 26.04.2006 Обязательный экземпляр РНБ (Московский) РНБ (Московский) Русский книжный фонд: издания с 1957 года, 3этаж 2006-3/11742 2175864    
Книга 26.04.2006 Обязательный экземпляр РНБ (Московский) РНБ (Московский) Русский книжный фонд: издания с 1957 года, 3этаж 2006-3/11742 2175865    
Книга 22.05.2007 Дар РНБ (Московский) РНБ (Московский) Фонд литературы на языках стран Азии и Африки, подручный   2439460   100.00
Книга 04.06.2007 Дар РНБ (Московский) РНБ (Московский) Обменный фонд, без заказа   2447942   200.00
Книга 22.05.2007 Дар РНБ (Садовая) РНБ (Садовая) Фонд Абонемента (Садовая) Аб Ш6(5Я)/О-72 2439461   100.00